Things That are Slow - Statistics

General Stats
  • This quiz has been taken 24 times
  • The average score is 10 of 20
Answer Stats
Hint Answer % Correct
Slowest mammal Sloth
90%
Another slow animal that carries its house Snail
85%
Slowest reptile (faster than a hare though) Tortoise
85%
Movement of large landmasses {Continental} drift
70%
This object moves away from the Earth at about 38 mm a year Moon
70%
It wins the race Slow and {steady}
70%
Camera mode that allows you to see fast things happen slowly Slow {motion}
70%
This animal has the slowest heart beat, just 2 every minute (think big) Blue whale
65%
Electrical cooking appliance used to simmer at a lower temperature Slow {cooker}
60%
This country in the middle east has the slowest internet speed at 3.51 Mbit/s Syria
55%
Someone who's learning curve is nearly a flat line Slow {learner}
50%
Large mass of ice that moves only inches a year Glacier
45%
They hang from the ceiling in a cave like a big cone Stalactite
45%
The slowest fish (has a landversion you can ride) Seahorse
40%
Pink and white Pokémon Slowpoke
35%
Slowest growing mineral (used in drywall) Gypsum
25%
This South American fruit is the slowest fruit from planting to harvest Pineapple
25%
Timetelling device that does not have a hand for minutes or seconds Slow {watch}
20%
Material used in an experiment that creates a drop every 9 years Pitch
10%
Sound that indicates there might be a fire and you need to leave the building Slow {whoop}
5%
No matching quizzes found
Score Distribution
Percent of People with Each Score
Percentile by Number Answered
Your Score History
You have not taken this quiz